[Event "RSA-chT Regions"]
[Site "Boksburg"]
[Date "2020.01.09"]
[Round "1.2"]
[White "Moche, Johannes"]
[Black "Marais, Coenraad Hendrik"]
[Result "0-1"]
[WhiteElo "1653"]
[BlackElo "1932"]
[PlyCount "60"]
[EventDate "2020.01.09"]
[EventType "team-swiss"]
[EventRounds "7"]
[EventCountry "RSA"]
[SourceTitle "CBM 194 Extra"]
[Source "ChessBase"]
[SourceDate "2020.03.31"]
[SourceVersion "1"]
[SourceVersionDate "2020.03.31"]
[SourceQuality "1"]
[WhiteTeam "GTP Open VI"]
[BlackTeam "GTP Open II"]
[WhiteTeamCountry "RSA"]
[BlackTeamCountry "RSA"]

1. d4 Nf6 2. Nf3 c5 3. c3 e6 4. Bf4 b6 5. e3 Bb7 6. Nbd2 Be7 7. h3 0-0 8. Bd3 cxd4 9. exd4 Nc6 10. 0-0 d6 11. Qe2 Re8 12. Rfe1 h6 13. Rad1 Bf8 14. Ne4 Nxe4 15. Qxe4 g6 16. Qe3 Kh7 17. h4 Ne7 18. h5 Nf5 19. hxg6+ fxg6 20. Qe2 Qf6 21. Bb5 Re7 22. Nh2 Nh4 23. Bxd6 Rf7 24. Ng4 Qg5 25. Qxe6 Bd5 26. f4 Bxe6 27. fxg5 Bxg4 28. Bxf8 Bxd1 29. Bxh6 Bc2 30. Bc6 Rd8 0-1

[Event "Pretoria USSA op"]
[Site "Pretoria"]
[Date "2013.12.03"]
[Round "4"]
[White "Moche, Johannes"]
[Black "Elliott, Mats"]
[Result "1/2-1/2"]
[WhiteElo "1516"]
[BlackElo "1665"]
[PlyCount "77"]
[EventDate "2013.12.02"]
[EventType "swiss"]
[EventRounds "9"]
[EventCountry "RSA"]
[SourceTitle "CBM 158 Extra"]
[Source "ChessBase"]
[SourceDate "2014.02.28"]
[SourceVersion "1"]
[SourceVersionDate "2014.02.28"]
[SourceQuality "1"]

1. e3 Nf6 2. c4 e5 3. d3 Nc6 4. a3 a5 5. Qc2 d5 6. cxd5 Nxd5 7. Nf3 Be7 8. b3 0-0 9. Bb2 Bf6 10. Nbd2 g6 11. Be2 Re8 12. 0-0 Nb6 13. Rfd1 Bg7 14. Rac1 f5 15. Nc4 Nxc4 16. dxc4 Qe7 17. Rd2 Be6 18. Rcd1 Red8 19. Rxd8+ Rxd8 20. Rxd8+ Qxd8 21. h4 h6 22. Qc3 Qe7 23. Qd2 b6 24. g3 Qc5 25. Ne1 Qd6 26. Qc3 Qd7 27. Nc2 e4 28. Nd4 Nxd4 29. exd4 c5 30. Qe3 cxd4 31. Qd2 d3 32. Bxg7 Kxg7 33. Bd1 Qd4 34. Kg2 Bd7 35. Kf1 a4 36. Qb4 axb3 37. Qe7+ Kh8 38. Bxb3 Qg7 39. Qd8+ 1/2-1/2